000 01185nam a2200277 a 4500
001 BRCA_7063
005 20190320205711.0
008 031211s2001----u--a######---#000-0#eng-#
020 _a1878610775 (Obra completa)
041 _aeng
044 _au
050 4 _aN7910.N8
_b.F73 2001
100 1 _aFrank, Larry
_910817
245 1 0 _aA Land So Remote
_cLarry Frank and Skip Keith Miller.
260 _aSingapur
_bRed Crane Books
_c2001
300 _a3 v.
_bil. a color
_c29 cm.
500 _aDonación del Museo Santa Fe, Nuevo México
504 _aIncluye referencias bibliográficas e índice
505 0 _aContenido: v.1. Religious Art of New México, 1780-1907 / Larry Frank. -- v.2. Religious Art of New Mexico, 1780-1907 / Larry Frank. -- v.3. Wooden Artifacts of Frontier New Mexico, 1700S-1900S / Skip Keith Miller, Larry Frank
650 1 4 _aArte cristiano y simbolismo
_yPeriodo moderno, 1500
_zNuevo México
_917559
650 1 4 _aSantos (Arte)
_zNuevo México
_910818
650 1 4 _aArtes decorativas en la colonia española
_zNuevo México
_917560
650 1 4 _aTrabajos en madera
_zNuevo México
_917561
700 1 _aMiller, Skip Keith
_ecoaut.
_917562
942 _2lcc
_cB
999 _c6744
_d6744